Verrykingsaanspreeklikheid in die Suid-Afrikaanse Reg / (Record no. 81)

MARC details
000 -LEADER
fixed length control field 00549nam a22001817a 4500
005 - DATE AND TIME OF INPUT
control field 20231026101945.0
008 - DATA ELEMENTS--GENERAL INFORMATION
fixed length control field 231026b |||||||| |||| 00| 0 eng d
020 ## - INTERNATIONAL STANDARD BOOK NUMBER
International Standard Book Number 0702119261
041 ## - LANGUAGE CODE
Language code of text Afrikaans
082 ## - SHELF NUMBER
DDC number 347 DEV
100 ## - MAIN AUTHOR
Main author's name De Wos, W
Language of a work Afrikaans
245 ## - TITLE STATEMENT
Title Verrykingsaanspreeklikheid in die Suid-Afrikaanse Reg /
Statement of responsibility, etc. W De Wos
250 ## - EDITION STATEMENT
Edition statement Derde Uitgawe
260 ## - PUBLICATION, DISTRIBUTION, ETC.
Place of publication, distribution, etc. Kaapstad :
Name of publisher, distributor, etc. Juta en Kie, Bpk,
Date of publication, distribution, etc. 1987
300 ## - PHYSICAL DESCRIPTION
Other physical details xxxi, 389 pages ;
Dimensions 26,5 cm.
650 ## - SUBJECT`
Broad subject Legal practice
Own subject terms Law
942 ## - ADDED ENTRY ELEMENTS (KOHA)
Item type Books
942 ## - ADDED ENTRY ELEMENTS (KOHA)
-- ALISON_BN_VRIES
Holdings
Source of classification or shelving scheme Not for loan Collection code Home library Current library Shelving location Date acquired Full call number Barcode Price effective from Koha item type
Dewey Decimal Classification   TEXT BOOKS LAW SOCIETY OF NAMIBIA LIBRARY - WINDHOEK LAW SOCIETY OF NAMIBIA LIBRARY - WINDHOEK Civil Procedure and Court 10/26/2023 347 DEV LSN/1987/272 10/26/2023 Books